| 000 | 01390nam a22003737a 4500 | ||
|---|---|---|---|
| 003 | CHAP | ||
| 005 | 20220329135139.0 | ||
| 008 | 971013s1079 r 00010 d | ||
| 010 | _a31663 | ||
| 011 | _a32635 | ||
| 035 | _a36750 | ||
| 040 | _cCHAP | ||
| 090 | _aTesis | ||
| 100 | 0 | 0 |
_aNazara Cazorla, Simón de Jesús. _980639 |
| 245 | _aComparación del efecto sobre el virus de la enfermedad de Aujeszky, del isoprinosine, vitamina "A" y suero de cerdos convalecientes de la enfermedad, en ratones inoculados experimentalmente | ||
| 260 |
_aMéxico, D. F. : _bEl autor, _c1079 |
||
| 300 |
_a43 h. _b; gráfs. |
||
| 502 | _aTesis (Médico Veterinario Zootecnista) -- UNAM. Facultad de Medicina Veterianaria y Zootecnia | ||
| 590 |
_aALEPH _b10 _c20130110 _lUCH01 _h1254 |
||
| 590 |
_aBATCH-UPD _b10 _c20130110 _lUCH01 _h1057 |
||
| 590 |
_aBATCH-UPD _b10 _c20130410 _lUCH01 _h0651 |
||
| 590 |
_aBATCH-UPD _b10 _c20130914 _lUCH01 _h0353 |
||
| 590 |
_aBATCH-UPD _b10 _c20130914 _lUCH01 _h2040 |
||
| 590 |
_aCONVERSION _b10 _c20130109 _lUCH01 _h1318 |
||
| 650 | 1 | 4 |
_aAntibióticos en veterinaria. _96053 |
| 650 | 1 | 4 |
_aEnfermedad de Aujeszky. _936924 |
| 650 | 1 | 4 |
_aGanado porcino _xEnfermedades. _945360 |
| 650 | 1 | 4 |
_aRatas de laboratorio. _994733 |
| 650 | 1 | 4 |
_aSuero. _9110585 |
| 650 | 1 | 4 |
_aVitaminas (A) _9120011 |
| 901 | _aBK | ||
| 942 | _cTESIS | ||
| 949 |
_bBC _cTES _d-84561 _eTS1 _i36750 _si |
||
| 999 |
_c31663 _d31663 |
||